Surveying -II, CE286, course pack (Record no. 553585)

000 -LEADER
fixed length control field 00389nam a22001337a 4500
082 ## - DEWEY DECIMAL CLASSIFICATION NUMBER
Classification number CP15
100 ## - MAIN ENTRY--PERSONAL NAME
Personal name Nadeem Anwar Qureshi, Dr Maj
9 (RLIN) 50857
245 ## - TITLE STATEMENT
Title Surveying -II, CE286, course pack
Statement of responsibility, etc. OD-80/CED-81
250 ## - EDITION STATEMENT
Edition statement Spring semester
260 ## - PUBLICATION, DISTRIBUTION, ETC.
Place of publication, distribution, etc. MCE
Name of publisher, distributor, etc. Nadeem Anwar Qureshi, Dr Maj
Date of publication, distribution, etc. 2015
526 ## - STUDY PROGRAM INFORMATION NOTE
Program name 0
Interest level 0
Reading level 0
Title point value CP_000000000000000_15
650 ## - SUBJECT ADDED ENTRY--TOPICAL TERM
Topical term or geographic name entry element course pack
9 (RLIN) 50858
942 ## - ADDED ENTRY ELEMENTS (KOHA)
Source of classification or shelving scheme
Koha item type Book Bank
Holdings
Withdrawn status Lost status Source of classification or shelving scheme Damaged status Not for loan Permanent Location Current Location Date acquired Total Checkouts Total Renewals Full call number Barcode Date last seen Date last checked out Price effective from Koha item type
          Military College of Engineering (MCE) Military College of Engineering (MCE) 08/18/2015 3 1 CP15 MCE-CP15 06/30/2020 02/20/2017 03/14/2021 Book Bank
© 2023 Central Library, National University of Sciences and Technology. All Rights Reserved.